|
|
|
|
| LEADER |
00000nab a2200000 a 4500 |
| 001 |
vtls000286938 |
| 003 |
SK-MaSNL |
| 005 |
20260304061959.0 |
| 008 |
250422c1987 xo 0 slo |
| 015 |
|
|
|a SNBRB19rr/mm-uuuuu
|
| 035 |
|
|
|a CL0297056
|
| 035 |
|
|
|a urn:nbn:sk:snk-ab1cmf
|
| 035 |
|
|
|a (urnnbn)urn:nbn:sk:snk:ar-0020b3
|
| 035 |
|
|
|a (uuid)c230b0f4-7e63-46cd-bef1-aed6e9414916
|
| 040 |
|
|
|a SNKBUCL
|b slo
|c SNKBUCL
|e AACR2
|
| 041 |
0 |
|
|a slo
|
| 044 |
|
|
|a xo
|c SK
|
| 080 |
|
|
|a 792.2
|2 1981
|
| 100 |
1 |
|
|a Sikorová, Ľubica
|4 aut
|9 936804
|
| 245 |
1 |
0 |
|a Americká Elektra
|c Ľubica Sikorová ; Eugene O Neill, Miroslav Macháček
|
| 300 |
|
|
|b Obr. 1.
|
| 500 |
|
|
|a (Réžia Miroslav Macháček.)
|
| 610 |
2 |
7 |
|a Městská divadla pražská
|2 snkbucl
|9 206948
|
| 650 |
0 |
7 |
|a O Neill, Eugene
|2 snkbucl
|9 1012716
|
| 655 |
|
7 |
|a články z novín a časopisov
|2 snkbucl
|9 267496
|
| 773 |
0 |
|
|t Film a divadlo
|g Roč. 31, č. 18 (1987), s. 13
|
| 850 |
|
|
|a Slovenská národná knižnica
|
| 852 |
|
|
|a Slovenská národná knižnica
|
| 954 |
|
|
|a odborná, vedecká literatúra pôvodná (slovenská)
|2 lita
|
| 957 |
|
|
|a 3100
|
| 958 |
|
|
|a article27
|
| 958 |
|
|
|a OND
|
| 958 |
|
|
|a RK
|
| 958 |
|
|
|a EUIPO
|
| 992 |
|
|
|a RBX
|
| 999 |
|
|
|c 2735959
|d 2737889
|